| 000 | 00444nam a22001937a 4500 | ||
|---|---|---|---|
| 003 | SGT | ||
| 020 | _a97893587923898 | ||
| 082 |
_a617.632 _bA24W |
||
| 100 | _aWadhwa, Viyanti | ||
| 245 | _aAnalgesics in Periodontology | ||
| 250 | _a1st | ||
| 260 |
_aIndia _bRedshine Publications _c2024 |
||
| 300 | _a183 | ||
| 650 | _aPeriodontology | ||
| 653 | _aAnalgesics | ||
| 700 | _aSharma, Shikha | ||
| 700 | _aBhardwaj, Amit | ||
| 942 |
_2ddc _cBK |
||
| 999 |
_c26775 _d26775 |
||